[Event "ESP-chT Rapid"]
[Site "Ubeda"]
[Date "2023.09.24"]
[Round "8.8"]
[White "Gonzalez Regueiro, Rodrigo"]
[Black "Exposito Milan, Adrian"]
[Result "0-1"]
[WhiteElo "1915"]
[BlackElo "2053"]
[PlyCount "82"]
[EventDate "2023.09.23"]
[EventType "team-swiss (rapid)"]
[EventRounds "9"]
[EventCountry "ESP"]
[SourceTitle "EXT 2024"]
[Source "ChessBase"]
[SourceDate "2023.10.10"]
[SourceVersion "1"]
[SourceVersionDate "2023.10.10"]
[SourceQuality "1"]
[WhiteTeam "Pola Paz Estratexia"]
[BlackTeam "Enric Valor CC"]
[WhiteTeamCountry "ESP"]
[BlackTeamCountry "ESP"]

1. e4 c5 2. Nf3 d6 3. d4 cxd4 4. Nxd4 Nf6 5. Nc3 g6 6. Be3 Bg7 7. f3 0-0 8. Qd2 Nc6 9. 0-0-0 d5 10. Nxc6 bxc6 11. Bc4 e6 12. Bb3 Qc7 13. h4 Bb7 14. h5 Rfd8 15. Qf2 dxe4 16. Nxe4 Nxe4 17. fxe4 Qe5 18. c3 c5 19. hxg6 hxg6 20. Rdf1 Rd7 21. Bxc5 Rc8 22. Be3 Bxe4 23. c4 Bd3 24. Re1 Bxc4 25. Bxc4 Rxc4+ 26. Kb1 Rb7 27. Bc1 Qc7 28. Re2 Rcb4 29. Rd1 Rb8 30. Red2 a5 31. Rc2 Qb7 32. Rf1 a4 33. a3 Rb3 34. Ka1 Rxa3+ 35. Kb1 Rb3 36. Qe2 a3 37. Rf2 Ra8 38. Qc4 axb2 39. Bxb2 Rb8 40. Qc7 Qxc7 41. Rxc7 Rxb2+ 0-1

[Event "ESP-chT Rapid"]
[Site "Ubeda"]
[Date "2023.09.23"]
[Round "5.7"]
[White "Gonzalez Regueiro, Rodrigo"]
[Black "Martinez Agudo, Jorge"]
[Result "0-1"]
[WhiteElo "1915"]
[BlackElo "1737"]
[PlyCount "50"]
[EventDate "2023.09.23"]
[EventType "team-swiss (rapid)"]
[EventRounds "9"]
[EventCountry "ESP"]
[SourceTitle "EXT 2024"]
[Source "ChessBase"]
[SourceDate "2023.10.10"]
[SourceVersion "1"]
[SourceVersionDate "2023.10.10"]
[SourceQuality "1"]
[WhiteTeam "Pola Paz Estratexia"]
[BlackTeam "Albatros"]
[WhiteTeamCountry "ESP"]
[BlackTeamCountry "ESP"]

1. e4 Nf6 2. e5 Nd5 3. d4 d6 4. c4 Nb6 5. exd6 cxd6 6. Nc3 g6 7. Bg5 Bg7 8. Rc1 Nc6 9. d5 Ne5 10. f4 Bg4 11. Qb3 h6 12. Bh4 g5 13. fxg5 hxg5 14. Bxg5 Rc8 15. Ne4 Qd7 16. Ng3 Na4 17. c5 Nxc5 18. Bb5 Ned3+ 19. Kf1 Nxc1 20. Bxd7+ Kxd7 21. Qb5+ Kd8 22. Bxc1 Ne4 23. Bf4 Nxg3+ 24. Bxg3 Rc1+ 25. Kf2 Bd4# 0-1

[Event "Pontevedra op 11th"]
[Site "Pontevedra"]
[Date "2023.07.27"]
[Round "6"]
[White "Rebollo Montes, Bernardo"]
[Black "Gonzalez Regueiro, Rodrigo"]
[Result "1-0"]
[WhiteElo "1879"]
[BlackElo "1880"]
[PlyCount "33"]
[EventDate "2023.07.24"]
[EventType "swiss"]
[EventRounds "9"]
[EventCountry "ESP"]
[SourceTitle "EXT 2024"]
[Source "ChessBase"]
[SourceDate "2023.10.10"]
[SourceVersion "1"]
[SourceVersionDate "2023.10.10"]
[SourceQuality "1"]

1. b3 e5 2. Bb2 d6 3. e3 g6 4. d4 Nd7 5. Nf3 Bg7 6. dxe5 Nxe5 7. Nc3 Ne7 8. Nxe5 Bxe5 9. Qf3 Nf5 10. g3 c6 11. 0-0-0 Qf6 12. e4 Qg5+ 13. Kb1 Nd4 14. Qd3 Qe7 15. f4 Bf6 16. e5 dxe5 17. Ne4 1-0

[Event "Santiago de Compostela Bicapawn GP Rap"]
[Site "Santiago de Compostela"]
[Date "2022.10.22"]
[Round "4"]
[White "Vega Gutierrez, Sabrina Neide"]
[Black "Gonzalez Regueiro, Rodrigo"]
[Result "1-0"]
[WhiteElo "2361"]
[BlackElo "1887"]
[PlyCount "77"]
[EventDate "2022.10.22"]
[EventType "swiss (rapid)"]
[EventRounds "9"]
[EventCountry "ESP"]
[SourceTitle "CBM 210 Extra"]
[Source "ChessBase"]
[SourceDate "2022.11.30"]
[SourceVersion "1"]
[SourceVersionDate "2022.11.30"]
[SourceQuality "1"]

1. e4 c5 2. Nf3 e6 3. d4 cxd4 4. Nxd4 Nc6 5. Nc3 Qc7 6. Be2 a6 7. 0-0 b5 8. Nxc6 dxc6 9. f4 Nf6 10. e5 Nd5 11. Nxd5 cxd5 12. Bd3 Bc5+ 13. Kh1 Bb7 14. f5 0-0-0 15. fxe6 fxe6 16. a4 b4 17. Qe2 Qc6 18. Be3 d4 19. Bd2 Rdf8 20. a5 Kb8 21. Rae1 Ka7 22. h3 h5 23. Bg5 Rxf1+ 24. Rxf1 Rf8 25. Re1 Qc7 26. Qd2 Bd5 27. Bh4 Qc6 28. Qg5 Rf7 29. Rf1 Rxf1+ 30. Bxf1 Qc7 31. Qxh5 g6 32. Qxg6 Qxe5 33. Bg3 Qf5 34. Qxf5 exf5 35. Bd3 Be6 36. Be5 Kb7 37. h4 Be7 38. h5 Bg5 39. Bg7 1-0

[Event "Pontevedra op 7th"]
[Site "Pontevedra"]
[Date "2019.08.13"]
[Round "8"]
[White "Del Prado Rodriguez, Xulio"]
[Black "Gonzalez Regueiro, Rodrigo"]
[Result "1/2-1/2"]
[WhiteElo "2062"]
[BlackElo "1941"]
[PlyCount "72"]
[EventDate "2019.08.08"]
[EventType "swiss"]
[EventRounds "9"]
[EventCountry "ESP"]
[SourceTitle "EXT 2020"]
[Source "ChessBase"]
[SourceDate "2019.10.17"]
[SourceVersion "1"]
[SourceVersionDate "2019.10.17"]
[SourceQuality "1"]

1. d4 f5 2. g3 Nf6 3. Bg2 g6 4. Nf3 Bg7 5. 0-0 0-0 6. c4 d6 7. Nc3 Nc6 8. d5 Ne5 9. Nxe5 dxe5 10. e4 f4 11. Rb1 g5 12. Qd3 a6 13. b4 Qe8 14. c5 Qh5 15. d6 exd6 16. cxd6 cxd6 17. Nd5 Bh3 18. gxf4 Bxg2 19. Kxg2 gxf4 20. f3 Nxd5 21. Qxd5+ Kh8 22. Kh1 Qh3 23. Bb2 Rac8 24. Rf2 Rf6 25. Rg1 Rg6 26. Rxg6 hxg6 27. Qxd6 Rc2 28. Qb6 Rxf2 29. Qxf2 Qd7 30. Kg2 Qb5 31. Qd2 Kh7 32. a3 Qc4 33. Kf2 g5 34. Qc3 Qxc3 35. Bxc3 Kg6 36. h3 b5 1/2-1/2

[Event "Pontevedra op 7th"]
[Site "Pontevedra"]
[Date "2019.08.10"]
[Round "4"]
[White "Meira Iglesias, Alejandro"]
[Black "Gonzalez Regueiro, Rodrigo"]
[Result "0-1"]
[WhiteElo "1709"]
[BlackElo "1941"]
[PlyCount "94"]
[EventDate "2019.08.08"]
[EventType "swiss"]
[EventRounds "9"]
[EventCountry "ESP"]
[SourceTitle "EXT 2020"]
[Source "ChessBase"]
[SourceDate "2019.10.17"]
[SourceVersion "1"]
[SourceVersionDate "2019.10.17"]
[SourceQuality "1"]

1. d4 f5 2. g3 Nf6 3. Bg2 g6 4. c4 Bg7 5. Nc3 0-0 6. c5 Nc6 7. Nf3 d6 8. Qb3+ Kh8 9. 0-0 e5 10. cxd6 cxd6 11. dxe5 dxe5 12. Bg5 e4 13. Rfd1 Qa5 14. Nd4 Nxd4 15. Rxd4 Ng4 16. Rd5 Qa6 17. Qb4 Be6 18. Rd6 Qc4 19. Qa3 Bd4 20. e3 Bc5 21. Bf1 Bxa3 22. Bxc4 Bxd6 23. Bxe6 h6 24. h3 hxg5 25. hxg4 Rf6 26. Bd7 Be5 27. Rb1 Rd8 28. Ba4 Rd2 29. Bb3 Bxc3 30. bxc3 Rc6 31. Kg2 Rxc3 32. Rh1+ Kg7 33. gxf5 gxf5 34. Rh5 Kg6 35. Rh8 f4 36. exf4 e3 37. Rg8+ Kh7 38. Rxg5 Rxf2+ 39. Kh3 e2 40. Rh5+ Kg7 41. Re5 Rc1 42. Kg4 e1Q 43. Rg5+ Kf8 44. Rg8+ Ke7 45. Rg7+ Kd6 46. Rg6+ Kc5 47. Rg5+ Kb6 0-1

[Event "Galego-ch"]
[Site "Padron"]
[Date "2016.03.19"]
[Round "1.7"]
[White "Rodriguez Lopez, Rafael"]
[Black "Gonzalez Regueiro, Rodrigo"]
[Result "1-0"]
[WhiteElo "2248"]
[BlackElo "1722"]
[PlyCount "83"]
[EventDate "2016.03.19"]
[EventType "swiss"]
[EventRounds "7"]
[EventCountry "ESP"]
[SourceTitle "EXT 2024"]
[Source "ChessBase"]
[SourceDate "2023.10.10"]
[SourceVersion "1"]
[SourceVersionDate "2023.10.10"]
[SourceQuality "1"]

1. e4 e5 2. Nf3 Nc6 3. Bb5 Nf6 4. d3 Bc5 5. 0-0 Nd4 6. Nxd4 Bxd4 7. c3 Bb6 8. Na3 c6 9. Ba4 0-0 10. Bg5 h6 11. Bh4 d6 12. Nc4 Be6 13. Nxb6 axb6 14. a3 g5 15. Bg3 Nd7 16. d4 Qe7 17. Bc2 f5 18. exf5 Bxf5 19. Re1 Qf6 20. dxe5 dxe5 21. Bxf5 Qxf5 22. f3 Rf6 23. Re3 Re8 24. Qb3+ Kh7 25. Rae1 Rfe6 26. a4 R8e7 27. h3 Kg7 28. Qb4 Nf6 29. c4 c5 30. Qc3 Nd7 31. Rd3 Nb8 32. Rd5 Nc6 33. a5 Nxa5 34. Rexe5 Rxe5 35. Bxe5+ Kf7 36. Kh2 Rd7 37. f4 Rxd5 38. cxd5 gxf4 39. b4 cxb4 40. Qc7+ Kg6 41. Qd6+ Kh5 42. Bxf4 1-0